000 00383nam a2200157Ia 4500
008 221030s9999 xx 000 0 und d
020 _a813170078x
041 _aEnglish
082 _a105.23
_bKah
100 _aA. Kahate
245 0 _aIntroduction to Database Management systems
260 _bPearson Education
_aDelhi
_c2006
300 _a510
650 _aComputers
942 _cBK
999 _c2727
_d2727